000 00743cab a22001935a 4500
001 L144479
008 080722s2008 xxk f 000 0 eng d
035 _a(Sirsi) u144479
041 0 _aeng
110 2 _aAsiaProperty
_95571
245 0 0 _aDebt finance
260 _c2008
490 0 _aAsia Property
_vApril 2008, 25-28(4)
520 _aReports that since January 2008 there is evidence that the credit crunch is hitting Asian property as well. Asia initially escaped the worst of the financial turmoil of 2007, but credit markets are now under pressure as loan-to-value ratios fall and borrowing costs rise. Tables.
590 _aKA
651 4 _aAsia
690 _aPROPERTY-COMMERCIAL PROPERTY-COMMERCIAL PROPERTY MARKET
942 _n0
999 _c80481
_d80481